000 01479nam a22003857a 4500
003 CHAP
005 20220817044228.0
008 081001s2008 mx r 00010 spa d
010 _a95194
011 _a96166
035 _a106812
040 _cCHAP
090 _aTesis
100 1 _aMartínez Moreno, Adriana.
_972316
245 1 0 _aErosión hídrica, escurrimientos superficiales y pérdida de nutrientes en prácticas conservacionistas de Terrenos de ladera de la Cuenca Villa Victoria, Estado de México
_c/por Adriana Martínez Moreno
260 _aChapingo, Méx. :
_bEl autor,
_c2008
300 _a125 h. :
_bilus., gráfs.
502 _aTesis (Ing. Agr. Esp. en Suelos) -- UACH. Departamento de Suelos
590 _aALEPH
_b10
_c20130110
_lUCH01
_h1524
590 _aBATCH-UPD
_b10
_c20130110
_lUCH01
_h0355
590 _aBATCH-UPD
_b10
_c20130110
_lUCH01
_h2036
590 _aBATCH-UPD
_b10
_c20130410
_lUCH01
_h0028
590 _aBATCH-UPD
_b10
_c20130914
_lUCH01
_h1111
590 _aCONVERSION
_b10
_c20130109
_lUCH01
_h1353
650 1 4 _aCuenca Villa Victoria, México (Edo)
_930082
650 1 4 _aErosión hídrica.
650 1 4 _aEscurrimiento.
_937675
650 1 4 _aLaderas.
_964360
650 1 4 _aSuelos
_xConservación
_xMéxico (Edo.)
_9110307
901 _aBK
905 _aluigm
942 _cFOLL
949 _aTesis
_bBC
_cTES
_d33724002071892
_eTS1
_gDonaciØn
_h48173
_i106812
_sb
949 _aTesis
_bBC
_cTES
_d33724002071934
_eTS2
_fc.2
_gDonaciØn
_h48174
_i106812
_si
999 _c95194
_d95194